Normal view MARC view
  • Sarwar, Sajjad (MSEE-16)

Entry Personal Name

Number of records used in: 1

001 - CONTROL NUMBER

  • control field: 35230

003 - CONTROL NUMBER IDENTIFIER

  • control field: NUST

005 - DATE AND TIME OF LATEST TRANSACTION

  • control field: 20201112153120.0

008 - FIXED-LENGTH DATA ELEMENTS

  • fixed length control field: 201112|| aca||aabn | a|a d

040 ## - CATALOGING SOURCE

  • Original cataloging agency: NUST
  • Transcribing agency: NUST

100 ## - HEADING--PERSONAL NAME

  • Personal name: Sarwar, Sajjad (MSEE-16)

670 ## - SOURCE DATA FOUND

  • Source citation: Work cat.: (NUST)190565: Sarwar, Sajjad (MSEE-16), Visual object trackig using powell's direct set method for object localization and kalman filter for occlusion handling, 2012
© 2023 Central Library, National University of Sciences and Technology. All Rights Reserved.